[Event "35th World Open"]
[Site "King of Prussia USA"]
[Date "2007.06.01"]
[Round "3"]
[White "Hanken,J"]
[Black "Coraretti,B"]
[Result "0-1"]
[WhiteElo "1994"]
[BlackElo "1956"]
[EventDate "2007.06.30"]

1. c4 e5 2. g3 Nf6 3. Bg2 d5 4. cxd5 Nxd5 5. Nc3 Nb6 6. Nf3 Nc6 7. O-O Be7
8. d3 O-O 9. Be3 Be6 10. Ne4 f5 11. Nc5 Bxc5 12. Bxc5 Rf6 13. Ng5 Bd5 14.
e4 Bf7 15. Nxf7 Rxf7 16. exf5 Rxf5 17. Be4 Rf6 18. Be3 Qd7 19. Qh5 h6 20.
Rac1 Re8 21. Rc5 Na4 22. Rd5 Qe7 23. Qd1 Nb6 24. Bxb6 axb6 25. Qb3 Kh8 26.
Qa4 Ref8 27. f3 Re6 28. Kg2 Nb8 29. Rb5 Nd7 30. d4 c6 31. Rb3 exd4 32. Qxd4
Nc5 33. Re3 Rd8 34. Qb4 Nxe4 35. Qxe7 Rxe7 36. Rxe4 Rxe4 37. fxe4 Rd2+ 38.
Rf2 Rxf2+ 39. Kxf2 Kg8 40. Ke3 Kf7 41. Kd4 Ke6 42. b4 b5 43. g4 b6 44. h3
g5 45. e5 Ke7 46. Ke4 c5 47. Kd5 c4 48. Kd4 Ke6 49. Ke4 c3 50. Kd3 Kxe5 51.
Kxc3 0-1

[Event "35th World Open"]
[Site "King of Prussia USA"]
[Date "2007.06.01"]
[Round "3"]
[White "Klegon,M"]
[Black "Rohonyan,K"]
[Result "1/2-1/2"]
[WhiteElo "2145"]
[BlackElo "2362"]
[EventDate "2007.06.30"]

1. d4 Nf6 2. c4 c5 3. d5 b5 4. Qc2 bxc4 5. e4 d6 6. Bxc4 g6 7. Nf3 Bg7 8.
O-O O-O 9. Nc3 Ba6 10. Bxa6 Nxa6 11. Bf4 Nc7 12. Rfe1 e5 13. dxe6 Nxe6 14.
Bd2 d5 15. e5 Nd7 16. Nxd5 Nxe5 17. Nxe5 Qxd5 18. Bc3 Rfd8 19. Qe4 Qxe4 20.
Rxe4 Bxe5 21. Rxe5 Rd6 22. Rae1 Rad8 23. Kf1 Kf8 24. g3 Rd5 25. Rxd5 Rxd5
26. Re5 Rd1+ 27. Re1 Rxe1+ 28. Kxe1 Ke7 29. Ke2 Kd6 30. Kd3 Kd5 31. h4 f5
32. b3 a6 33. Bd2 Nd4 34. Bc1 Nc6 35. Bd2 Ne5+ 36. Ke3 c4 37. Bc3 Nd3 38.
b4 h6 39. a4 g5 40. hxg5 hxg5 41. Ke2 Nc1+ 42. Kd2 Nd3 43. Ke2 Ke4 44. b5
axb5 45. axb5 Kd5 46. b6 Kc6 47. Bd4 Nb4 48. g4 fxg4 49. Kf1 Nd5 50. Kg2
Nf4+ 51. Kf1 Kb7 52. Ke1 Kc6 53. Kf1 Ne6 54. Be3 Ng7 55. Ke2 Nf5 56. Bxg5
Kxb6 57. Kd2 Kc6 58. Kc3 Kd5 59. Bf4 Nd4 60. Be3 Nb5+ 61. Kb4 Nd6 62. Bc5
Nf5 63. Bb6 Nd4 64. Kc3 Nf3 65. Be3 Ne5 66. Bd4 Ke4 67. Ba7 1/2-1/2

[Event "35th World Open"]
[Site "King of Prussia USA"]
[Date "2007.06.01"]
[Round "4"]
[White "Arakhamia,K"]
[Black "Mikhalevski,V"]
[Result "1/2-1/2"]
[WhiteElo "2435"]
[BlackElo "2590"]
[EventDate "2007.06.30"]

1. e4 e5 2. Nf3 Nc6 3. Bb5 a6 4. Ba4 Nf6 5. d3 d6 6. c3 g6 7. Nbd2 Bg7 8.
Nf1 O-O 9. Ng3 d5 10. Qe2 Re8 11. O-O b5 12. Bc2 h6 13. a4 Be6 14. Rd1 b4
15. a5 Qb8 16. Ba4 Qb7 17. cxb4 Bd7 18. Bd2 Nxb4 19. Rdc1 Rad8 20. Bxb4
Qxb4 21. Bxd7 Rxd7 22. Rc6 Nh7 23. Qc2 Qb7 24. Rc1 Rb8 25. h4 dxe4 26. dxe4
Qxb2 27. Qxb2 Rxb2 28. Rxa6 Ra2 29. h5 Nf8 30. hxg6 fxg6 31. Nf1 Ra4 32.
N1d2 h5 33. Nc4 Re7 34. g3 Ra2 35. Rd1 Ra4 36. Rc1 Ra2 37. Kg2 Rf7 38. Rd1
Rc2 39. Ne3 Ra2 40. Nc4 Rc2 41. Ne3 Ra2 42. Rd8 Bf6 43. Rc8 Kg7 44. Nd5 Nh7
45. Rxc7 Rxc7 46. Nxc7 g5 47. Ne8+ Kf7 48. Nd6+ Kg6 49. Nc4 Kg7 50. Ra7+
Kg8 51. a6 g4 52. Nfxe5 Ng5 53. Ra8+ Kh7 54. Ra7+ Kg8 55. Ra8+ Kg7 56. Ra7+
1/2-1/2

[Event "35th World Open"]
[Site "King of Prussia USA"]
[Date "2007.06.01"]
[Round "4"]
[White "Friedel,J"]
[Black "Predojevic,B"]
[Result "0-1"]
[WhiteElo "2474"]
[BlackElo "2609"]
[EventDate "2007.06.30"]

1. e4 c5 2. Nf3 d6 3. d4 cxd4 4. Nxd4 Nf6 5. Nc3 Bd7 6. Bg5 e6 7. Qd2 a6 8.
O-O-O h6 9. Bxf6 Qxf6 10. f4 Nc6 11. Nf3 O-O-O 12. Kb1 g5 13. fxg5 hxg5 14.
Qxg5 Qxg5 15. Nxg5 Ne5 16. Be2 Rg8 17. h4 Be7 18. Nf3 Ng4 19. Rd2 Rg7 20.
g3 Kc7 21. Bd3 Rh8 22. Rf1 Rh6 23. Ne2 Bf6 24. Nf4 Bc6 25. Re2 Kd8 26. Kc1
Ne5 27. Nxe5 Bxe5 28. Re3 Ke7 29. c3 Rf6 30. Nh5 Rxf1+ 31. Bxf1 Rg4 32. Bg2
Rg8 33. Bf1 Be8 34. Be2 f6 35. Kc2 Bxh5 36. Bxh5 Bxg3 37. Be2 Bxh4 38. Rh3
Rh8 39. Bd3 Rh6 40. a4 Kd7 41. Bc4 Rh8 42. b3 a5 43. Kd3 b6 44. Rh1 Rh6 45.
Rh3 Ke7 46. Ke2 Rh5 47. Bd3 d5 48. exd5 Re5+ 49. Re3 Rxd5 50. Bc4 Rd6 51.
Rh3 Bg5 52. Rh7+ Kf8 53. b4 f5 54. Ra7 Bd8 55. Ba2 Ke8 56. Bc4 axb4 57.
cxb4 Rd4 58. Bb5+ Kf8 59. Rd7 Rxd7 60. Bxd7 Ke7 61. Bb5 e5 62. a5 bxa5 63.
bxa5 e4 64. Ke3 Kf6 65. Bf1 Bxa5 66. Bg2 Bb6+ 67. Ke2 Kg5 68. Bh3 Bc5 69.
Bg2 Kg4 70. Bf1 Kg3 0-1

[Event "35th World Open"]
[Site "King of Prussia USA"]
[Date "2007.06.01"]
[Round "4"]
[White "Hess,Ro"]
[Black "Hansen,Lars"]
[Result "1/2-1/2"]
[WhiteElo "2412"]
[BlackElo "2251"]
[EventDate "2007.06.30"]

1. e4 e6 2. d4 d5 3. exd5 exd5 4. Bf4 Bd6 5. Bxd6 Qxd6 6. Nc3 Ne7 7. Nf3 a6
8. Qd2 Nbc6 9. O-O-O Bg4 10. Be2 O-O 11. Rhe1 Rae8 12. h3 Bc8 13. Ne5 Nd8
14. Bg4 Be6 15. Ne2 Nec6 16. Nf4 Bxg4 17. hxg4 f6 18. Ned3 b6 19. c3 a5 20.
Re3 Ne6 21. Nxe6 Rxe6 22. Rxe6 Qxe6 23. Qf4 Qd7 24. Re1 Ne7 25. Kd2 Rd8
1/2-1/2

[Event "35th World Open"]
[Site "King of Prussia USA"]
[Date "2007.06.01"]
[Round "4"]
[White "Perelshteyn,E"]
[Black "Stein,Alan"]
[Result "1-0"]
[WhiteElo "2531"]
[BlackElo "2412"]
[EventDate "2007.06.30"]

1. d4 Nf6 2. c4 e6 3. Nc3 Bb4 4. g3 c5 5. Nf3 Ne4 6. Qd3 Qa5 7. Qxe4 Bxc3+
8. Bd2 Bxd2+ 9. Nxd2 Nc6 10. d5 Nd4 11. Bg2 Nb3 12. Rd1 Qxa2 13. O-O Qxb2
14. Nxb3 Qxb3 15. dxe6 fxe6 16. Qe5 O-O 17. Qxc5 Qb6 18. Qh5 a5 19. Be4 h6
20. Qg6 a4 21. Qh7+ Kf7 22. Bg6+ Kf6 23. Rd3 Qb2 24. Rf3+ Ke7 25. Rxf8 Kxf8
26. c5 Qd4 27. Qh8+ Ke7 28. Qe8+ Kf6 29. e3 Qg4 30. Qf7+ Ke5 31. f3 Qc4 32.
Rd1 Qxc5 33. f4+ 1-0

[Event "35th World Open"]
[Site "King of Prussia USA"]
[Date "2007.06.01"]
[Round "4"]
[White "Kunte,A"]
[Black "Ludwig,D"]
[Result "1-0"]
[WhiteElo "2527"]
[BlackElo "2373"]
[EventDate "2007.06.30"]

1. d4 d5 2. c4 c6 3. Nc3 Nf6 4. e3 a6 5. Nf3 b5 6. c5 g6 7. Ne5 Nfd7 8. Nd3
e5 9. a4 Bb7 10. b4 e4 11. Nf4 Be7 12. Bd2 Nf6 13. h4 Nbd7 14. g3 O-O 15.
Be2 Qc7 16. Kf1 h6 17. Kg2 Kg7 18. f3 exf3+ 19. Bxf3 Rfe8 20. Qc2 Nf8 21.
Rhf1 Rad8 22. Rae1 Bc8 23. e4 dxe4 24. Nxe4 Bf5 25. Qb2 Nxe4 26. Bxe4 Bxe4+
27. Rxe4 Bf6 28. Rxe8 Rxe8 29. axb5 axb5 30. Bc3 Re3 31. Qd2 Qe7 32. Kf2
Re4 33. Qd3 Bxh4 34. d5+ Kg8 35. Kf3 f5 36. dxc6 Qg5 37. Kg2 Qg4 38. c7 Re8
39. c8=Q 1-0

[Event "35th World Open"]
[Site "King of Prussia USA"]
[Date "2007.06.01"]
[Round "4"]
[White "Abramovic,B"]
[Black "Arnold,M"]
[Result "1-0"]
[WhiteElo "2509"]
[BlackElo "2237"]
[EventDate "2007.06.30"]

1. d4 Nf6 2. Nf3 e6 3. c4 b6 4. g3 Ba6 5. b3 c5 6. Bg2 Bb7 7. dxc5 Bxc5 8.
O-O O-O 9. Bb2 d5 10. cxd5 Nxd5 11. Nbd2 Nc6 12. a3 a5 13. Qb1 Ba6 14. Re1
Rc8 15. Qa2 b5 16. Rac1 Qe7 17. Qa1 f6 18. e4 Nb6 19. Bf1 Nd7 20. b4 Bd6
21. bxa5 Nc5 22. Nd4 Nxd4 23. Bxd4 Na4 24. Nb1 e5 25. Qa2+ Kh8 26. Be3 Qb7
27. Qd5 Qxd5 28. exd5 Nb2 29. Bd2 Rc4 30. Bc3 Na4 31. Bxc4 bxc4 32. Bb4 Rd8
33. Nc3 Nxc3 34. Rxc3 Bxb4 35. axb4 Rxd5 36. f4 h6 37. fxe5 fxe5 38. Re4
Rd4 39. Rxe5 Rd1+ 40. Kf2 Rb1 41. Re6 Bb5 42. Rb6 Rb3 43. Rc2 c3 44. Ke3
1-0

[Event "35th World Open"]
[Site "King of Prussia USA"]
[Date "2007.06.01"]
[Round "4"]
[White "Critelli,J"]
[Black "Khachiyan,M"]
[Result "1/2-1/2"]
[WhiteElo "2264"]
[BlackElo "2475"]
[EventDate "2007.06.30"]

1. e4 e5 2. Nf3 Nc6 3. Bb5 Nf6 4. O-O Nxe4 5. d4 Nd6 6. Bxc6 dxc6 7. dxe5
Nf5 8. Qxd8+ Kxd8 9. Nc3 h6 10. b3 Be6 11. Bb2 Be7 12. Ne2 c5 13. Nf4 h5
14. Rfd1+ Ke8 15. Nxe6 fxe6 16. Rd3 Rd8 17. Rad1 g5 18. Rxd8+ Bxd8 19. Nd2
Rh7 20. Ne4 b6 21. f3 g4 22. fxg4 hxg4 23. Rd3 Bh4 24. g3 Be7 25. c4 Nh6
26. Nf2 Bg5 27. Ne4 Nf7 28. Kg2 Rg7 29. Rd1 Rg6 30. Re1 Ke7 31. Nf2 Nh6 32.
Re4 Rg8 33. Nxg4 Rd8 34. Bc3 Nf5 35. Re2 a5 36. Nf2 a4 37. Kg1 axb3 38.
axb3 Be3 39. g4 Rd3 40. gxf5 Rxc3 41. f6+ Kf7 42. Kg2 Bxf2 43. Kxf2 Rxb3
44. Rd2 Ke8 45. Ra2 Rh3 46. Ra8+ Kf7 47. Rc8 Rh5 48. Rxc7+ Kf8 1/2-1/2

[Event "35th World Open"]
[Site "King of Prussia USA"]
[Date "2007.06.01"]
[Round "4"]
[White "Kleiman,J"]
[Black "Sharavdorj,D"]
[Result "1/2-1/2"]
[WhiteElo "2312"]
[BlackElo "2454"]
[EventDate "2007.06.30"]

1. e4 e6 2. d3 c5 3. Nf3 Nc6 4. g3 g6 5. d4 d5 6. exd5 exd5 7. Bg2 Bg4 8.
O-O cxd4 9. h3 Bxf3 10. Qxf3 Bg7 11. Qxd5 Qxd5 12. Bxd5 Nge7 13. Bg2 O-O
14. c3 Rad8 15. cxd4 Nxd4 16. Nc3 Nec6 17. Bg5 Rd7 18. Rad1 h6 19. Be3 Rfd8
20. Kh1 Nf5 21. Bc1 Nb4 22. g4 Ne7 23. Bxb7 Nd3 24. Ba6 Nxc1 25. Rxd7 Rxd7
26. Rxc1 Rd2 27. Ne4 Rxb2 28. Bc4 Be5 29. Kg2 g5 30. Bb3 Ng6 31. Rd1 Nh4+
32. Kf1 Nf3 33. Rd7 Rb1+ 34. Rd1 Rxd1+ 35. Bxd1 Nd4 36. Nd2 Kg7 37. Nf3
1/2-1/2

[Event "35th World Open"]
[Site "King of Prussia USA"]
[Date "2007.06.01"]
[Round "4"]
[White "Fielding,P"]
[Black "Rensch,D"]
[Result "0-1"]
[WhiteElo "2195"]
[BlackElo "2382"]
[EventDate "2007.06.30"]

1. Nf3 Nf6 2. d4 e6 3. g3 b6 4. Bg2 Bb7 5. O-O c5 6. c4 cxd4 7. Qxd4 Be7 8.
Nc3 d6 9. b3 O-O 10. Bb2 a6 11. h3 Nbd7 12. Rfd1 Qc7 13. Rac1 Rac8 14. Qd3
Rfd8 15. Qb1 Qb8 16. Ng5 Bxg2 17. Kxg2 b5 18. cxb5 axb5 19. Qd3 h6 20. Nf3
b4 21. Na4 Qb7 22. Kg1 Ne4 23. Rxc8 Rxc8 24. Rc1 Rxc1+ 25. Bxc1 Bf6 26. Be3
d5 27. Qc2 e5 28. Ne1 d4 29. Bc1 Nc3 30. f3 e4 31. Kf1 d3 32. exd3 exf3 33.
Be3 Nxa4 34. bxa4 Bc3 35. Qf2 Ne5 36. d4 Bxe1 37. Qxe1 Qd7 38. g4 0-1

[Event "35th World Open"]
[Site "King of Prussia USA"]
[Date "2007.06.01"]
[Round "4"]
[White "Sarkar,J"]
[Black "Fink,S"]
[Result "1-0"]
[WhiteElo "2418"]
[BlackElo "2153"]
[EventDate "2007.06.30"]

1. d4 Nf6 2. c4 c5 3. d5 e6 4. Nc3 exd5 5. cxd5 d6 6. e4 g6 7. f3 Bg7 8.
Bg5 h6 9. Be3 O-O 10. Qd2 Kh7 11. Nge2 a6 12. a4 Nbd7 13. Nc1 Rb8 14. Be2
Ne8 15. O-O Nc7 16. a5 b5 17. axb6 Rxb6 18. Nd3 Rb8 19. Rfb1 Nb6 20. Nf2
Re8 21. Ra3 Nba8 22. Ra2 Qe7 23. Nfd1 Rb4 24. Ra4 Rb8 25. Ra5 Qd8 26. Na2
f5 27. Bd3 Qf6 28. b4 c4 29. Bxc4 fxe4 30. fxe4 Nb6 31. Bd3 Nb5 32. Nf2 Nd7
33. Ng4 Qh4 34. h3 Ne5 35. Nxe5 Bxe5 36. Qf2 Qe7 37. Rf1 Kg7 38. Bxb5 Rxb5
39. Rxb5 axb5 40. Bd4 Bxd4 41. Qxd4+ Kh7 42. Nc3 Bd7 43. Qf6 Qg7 44. Qxd6
Rc8 45. Rf3 Bxh3 46. Rxh3 Rxc3 47. Rxc3 Qxc3 48. Qe7+ Kh8 49. Kh2 g5 50. d6
Qe1 51. Qf8+ Kh7 52. Qf5+ Kg7 53. d7 Qh4+ 54. Qh3 Qf4+ 55. Qg3 Qf6 56. Qc7
1-0

[Event "35th World Open"]
[Site "King of Prussia USA"]
[Date "2007.06.01"]
[Round "4"]
[White "Yap,N"]
[Black "Stanley,D"]
[Result "1/2-1/2"]
[WhiteElo "2298"]
[BlackElo "2019"]
[EventDate "2007.06.30"]

1. e4 c5 2. Nf3 Nc6 3. d4 cxd4 4. Nxd4 g6 5. c4 Nf6 6. Nc3 d6 7. Be2 Nxd4
8. Qxd4 Bg7 9. Be3 O-O 10. Qd2 a5 11. O-O a4 12. Rac1 Qa5 13. f3 Be6 14.
Rfd1 Rfc8 15. b3 axb3 16. axb3 Nd7 17. Nd5 Qxd2 18. Rxd2 Bxd5 19. Rxd5 Ra2
20. Kf1 Nc5 1/2-1/2

[Event "35th World Open"]
[Site "King of Prussia USA"]
[Date "2007.06.01"]
[Round "4"]
[White "Rohonyan,K"]
[Black "Bick,J"]
[Result "0-1"]
[WhiteElo "2362"]
[BlackElo "2217"]
[EventDate "2007.06.30"]

1. e4 e5 2. Nf3 Nf6 3. Nc3 Nc6 4. Bb5 Nd4 5. Ba4 Bc5 6. Nxe5 O-O 7. Nd3 Bb6
8. e5 Ne8 9. Nd5 d6 10. Ne3 dxe5 11. Nxe5 Qg5 12. N5c4 f5 13. f4 Qxf4 14.
c3 Qh4+ 15. g3 Qh3 16. Nxb6 f4 17. cxd4 fxe3 18. Qe2 axb6 19. Bb3+ Kh8 20.
Rf1 Nf6 21. dxe3 Bg4 22. Qc2 Ne4 23. Rxf8+ Rxf8 24. Qxe4 Qf1+ 25. Kd2 Rf2+
26. Kc3 Qe1+ 27. Kc4 Be2+ 28. Kd5 Bf3 29. Qxf3 Rxf3 30. e4 Qa5+ 31. Ke6
Rf6+ 0-1

[Event "35th World Open"]
[Site "King of Prussia USA"]
[Date "2007.06.01"]
[Round "4"]
[White "Panchanathan,M"]
[Black "Izoria,Z"]
[Result "1/2-1/2"]
[WhiteElo "2482"]
[BlackElo "2641"]
[EventDate "2007.06.30"]

1. e4 e6 2. d4 d5 3. Nd2 c5 4. exd5 Qxd5 5. Ngf3 cxd4 6. Bc4 Qd6 7. O-O Nf6
8. Nb3 Nc6 9. Nbxd4 Nxd4 10. Nxd4 Bd7 11. c3 Qc7 12. Qe2 O-O-O 13. a4 h5
14. Nb5 Bxb5 15. axb5 Bc5 16. Ra4 Kb8 17. Bd3 Ng4 18. g3 f5 19. Bg5 h4 20.
Bxd8 Rxd8 21. Rxg4 fxg4 22. b4 Bb6 23. c4 Qd6 24. c5 Qxd3 25. Qxd3 Rxd3 26.
cxb6 Rb3 27. Re1 Rxb4 28. gxh4 Rxb5 29. bxa7+ Kxa7 30. Rxe6 Rh5 31. Rg6
Rxh4 32. Rxg7 Ka6 33. Kg2 b5 34. Rg8 b4 35. Rb8 Ka5 36. Kg3 Rh6 37. Kxg4
Rxh2 38. f4 Ka4 39. f5 b3 40. f6 Rf2 41. Kg5 b2 42. f7 Ka3 43. Kg6 Rxf7 44.
Kxf7 1/2-1/2

[Event "35th World Open"]
[Site "King of Prussia USA"]
[Date "2007.06.02"]
[Round "5"]
[White "Hansen,Lars"]
[Black "Abramovic,B"]
[Result "1/2-1/2"]
[WhiteElo "2251"]
[BlackElo "2509"]
[EventDate "2007.06.30"]

1. d4 Nf6 2. Nf3 e6 3. c4 d5 4. g3 Nbd7 5. Bg2 c6 6. Qc2 b6 7. O-O Bb7 8.
Rd1 Be7 9. b3 O-O 10. Nc3 Qc8 11. Bb2 b5 12. c5 b4 13. Na4 Ba6 14. Ne1 Bd8
15. Nd3 Rb8 16. a3 bxa3 17. Rxa3 Bc7 18. Nc3 Bxd3 19. exd3 a5 20. f4 Ng4
21. Re1 Nh6 22. Nb1 Nf5 23. Nd2 Rb5 24. Bh3 Nb8 25. Bc3 Na6 26. Nf3 Nb4 27.
Qd2 h6 28. Ra4 Na6 29. Bxa5 Rxb3 30. g4 Ne7 31. f5 exf5 32. gxf5 Nxf5 33.
Bxc7 Nxc7 34. Qd1 Rb2 35. Nh4 g6 36. Nxf5 gxf5 37. Qc1 Qb8 38. Qxh6 Re8 39.
Qg5+ Kf8 40. Qh6+ Kg8 41. Qg5+ Kf8 42. Qh6+ 1/2-1/2

[Event "35th World Open"]
[Site "King of Prussia USA"]
[Date "2007.06.02"]
[Round "5"]
[White "Bartholomew,J"]
[Black "Kunte,A"]
[Result "1/2-1/2"]
[WhiteElo "2419"]
[BlackElo "2527"]
[EventDate "2007.06.30"]

1. Nf3 Nf6 2. c4 e6 3. Nc3 Bb4 4. Qc2 d6 5. a3 Bxc3 6. Qxc3 b6 7. b4 Bb7 8.
Bb2 a5 9. e3 c5 10. b5 Nbd7 11. Be2 O-O 12. O-O Qe7 13. d3 e5 1/2-1/2

[Event "35th World Open"]
[Site "King of Prussia USA"]
[Date "2007.06.02"]
[Round "5"]
[White "Schneider,Ig"]
[Black "Pavlovic,Milos"]
[Result "0-1"]
[WhiteElo "2337"]
[BlackElo "2534"]
[EventDate "2007.06.30"]

1. e4 c5 2. Nf3 e6 3. d4 cxd4 4. Nxd4 Nf6 5. Nc3 Nc6 6. g3 d6 7. Bg2 Bd7 8.
O-O Be7 9. Nb3 O-O 10. f4 b5 11. a3 a5 12. a4 bxa4 13. Nxa4 e5 14. f5 Nb4
15. Be3 Bb5 16. Re1 Qc7 17. Nc3 Bc6 18. g4 a4 19. Nd2 d5 20. g5 d4 21. gxf6
Bxf6 22. Nd5 Bxd5 23. exd5 dxe3 24. Ne4 Qxc2 25. Qg4 Nxd5 26. Rad1 Rad8 27.
Kh1 Kh8 28. Rxd5 Rxd5 29. Nxf6 Rd4 30. Ne4 e2 31. f6 g6 32. Bf3 Rd1 33.
Rxd1 Qxd1+ 0-1

[Event "35th World Open"]
[Site "King of Prussia USA"]
[Date "2007.06.02"]
[Round "5"]
[White "Khachiyan,M"]
[Black "Sarkar,J"]
[Result "0-1"]
[WhiteElo "2475"]
[BlackElo "2418"]
[EventDate "2007.06.30"]

1. d4 d5 2. Nc3 Nf6 3. Bg5 c5 4. Bxf6 gxf6 5. e3 Nc6 6. Qh5 e6 7. O-O-O f5
8. f4 Bd7 9. Nf3 Qf6 10. Nb5 Rc8 11. Ne5 a6 12. Nc3 Nxe5 13. dxe5 Qg6 14.
Be2 d4 15. exd4 cxd4 16. Rxd4 Bc6 17. Rhd1 Qxh5 18. Bxh5 Bxg2 19. Na4 Be4
20. R1d2 Be7 21. Nb6 Rd8 22. Rxd8+ Bxd8 23. Nc8 Be7 24. Nd6+ Bxd6 25. Rxd6
Ke7 26. Rd2 Rg8 27. Rf2 f6 28. Bf3 Bxf3 29. Rxf3 Rg1+ 30. Kd2 Rg2+ 31. Kd1
fxe5 32. fxe5 Rxh2 33. Rc3 Kd7 34. Rd3+ Kc7 35. Rc3+ Kd7 36. Rd3+ Kc7 37.
Rc3+ Kb6 38. Rc8 Rg2 39. b4 Kb5 40. Rc7 Kxb4 41. Rxh7 Kc4 42. Rd7 f4 43.
Rf7 Rf2 44. Ke1 Rxc2 45. Rxf4+ Kd5 46. a4 Rc4 47. Rf7 Rxa4 48. Rxb7 Ra2 49.
Kd1 Kxe5 50. Kc1 Kd4 51. Kb1 Ra5 52. Kc2 e5 53. Rd7+ Ke3 54. Rd3+ Kf4 55.
Rh3 e4 56. Rh4+ Ke3 57. Rh3+ Kd4 58. Rh4 Ra2+ 59. Kb3 Rg2 60. Rh6 a5 61.
Rd6+ Ke3 62. Rd5 Rd2 63. Rxa5 Ke2 64. Kc3 e3 65. Rh5 Rd8 66. Rh2+ Kf1 67.
Rh1+ Kg2 68. Rh7 e2 69. Re7 Kf2 70. Rf7+ Ke1 71. Kc2 Rd5 0-1

[Event "35th World Open"]
[Site "King of Prussia USA"]
[Date "2007.06.02"]
[Round "5"]
[White "Simutowe,A"]
[Black "Banawa,Joe"]
[Result "1-0"]
[WhiteElo "2419"]
[BlackElo "2310"]
[EventDate "2007.06.30"]

1. d4 Nf6 2. c4 e6 3. Nc3 Bb4 4. e3 c5 5. Nge2 b6 6. a3 Ba5 7. Rb1 Na6 8.
f3 O-O 9. e4 d5 10. e5 Ne8 11. cxd5 exd5 12. Kf2 Nec7 13. Be3 Ne6 14. g3 f6
15. exf6 Qxf6 16. Bg2 Bxc3 17. bxc3 Nac7 18. Re1 c4 19. Kg1 Ng5 20. Nf4 Bf5
21. Rb2 Nf7 22. Rbe2 Rae8 23. Bc1 Nd6 24. Re5 Qf7 25. a4 Rxe5 26. Rxe5 Re8
27. Ba3 Nb7 28. h4 Bd7 29. Kh2 Kh8 30. Nh3 Rxe5 31. dxe5 Qe8 32. f4 Bxa4
33. Qb1 Bd7 34. Ng5 Qg6 35. Qd1 h6 36. Nf3 Bg4 37. Qa4 a5 38. Nd4 b5 39.
Qc2 Qxc2 40. Nxc2 g6 41. Ne3 Be6 42. h5 gxh5 43. f5 Bf7 44. e6 Nxe6 45.
fxe6 Bxe6 46. Nxd5 Nd8 47. Nf6 h4 48. gxh4 Kg7 49. Ne8+ Kg8 50. Kg3 Nf7 51.
Kf4 Kh8 52. Bc6 b4 53. cxb4 axb4 54. Bxb4 Kg8 55. Bb5 Nh8 56. Ke5 Bf7 57.
Kf6 Kh7 58. Nd6 Bd5 59. Be8 Bg8 60. h5 Bd5 61. Nf5 1-0

[Event "35th World Open"]
[Site "King of Prussia USA"]
[Date "2007.06.02"]
[Round "5"]
[White "Martinez,Marce"]
[Black "Coleman,T"]
[Result "0-1"]
[WhiteElo "2386"]
[BlackElo "2266"]
[EventDate "2007.06.30"]

1. d4 Nf6 2. c4 e6 3. Nf3 Bb4+ 4. Bd2 a5 5. g3 d5 6. Bg2 dxc4 7. Qc2 Bxd2+
8. Qxd2 c6 9. a4 O-O 10. Na3 Na6 11. Nxc4 Nb4 12. O-O Qc7 13. Rfd1 Rd8 14.
Qc3 b6 15. Qb3 Bb7 16. Nce5 c5 17. Ng5 Bxg2 18. Kxg2 cxd4 19. Ngxf7 Rd5 20.
Rac1 Qb7 21. Qf3 Rf8 22. Rxd4 Rxf7 23. Nxf7 Kxf7 24. Rxd5 Nbxd5 25. e4 Nb4
26. Rc4 Na6 27. Qf4 Nc5 28. f3 Kg8 29. Qd6 h6 30. b4 axb4 31. Rxb4 Nfd7 32.
Qd1 Qa6 33. Rd4 Ne5 34. f4 Nc6 35. Rd6 Nb4 36. e5 Qa8+ 37. Kh3 Nd5 38. f5
Ne4 39. Qe1 Ng5+ 40. Kg4 exf5+ 41. Kxf5 Qf8+ 42. Kg4 Qf3+ 43. Kh4 Ne3 44.
Rd8+ Kh7 45. Qb1+ Nf5+ 0-1

[Event "35th World Open"]
[Site "King of Prussia USA"]
[Date "2007.06.02"]
[Round "5"]
[White "Stein,Alan"]
[Black "Kleiman,J"]
[Result "0-1"]
[WhiteElo "2412"]
[BlackElo "2312"]
[EventDate "2007.06.30"]

1. e4 c5 2. Nf3 e6 3. c3 Nf6 4. e5 Nd5 5. Bc4 d6 6. exd6 Bxd6 7. d4 O-O 8.
O-O Nc6 9. Qe2 cxd4 10. cxd4 Na5 11. Bd3 Nb4 12. Ng5 h6 13. Bh7+ Kh8 14.
Qh5 f6 15. Nxe6 Bxe6 16. Bg6 Qd7 17. Qxa5 f5 18. Na3 a6 19. Rd1 Bd5 20. Bf4
b5 21. Bxd6 Qxd6 22. Bh5 Qe7 23. Qb6 Qh4 24. Be2 Rf6 25. Qc7 Rg6 26. f3 Qh3
27. g3 Re8 28. Rd2 Rge6 29. Bf1 Qh5 30. Rf2 Re3 31. Qf4 Rxf3 32. Rxf3 Bxf3
33. Qd2 Be4 34. Qf2 Rd8 35. Re1 Nc6 36. d5 Ne5 37. Bg2 Ng4 0-1

[Event "35th World Open"]
[Site "King of Prussia USA"]
[Date "2007.06.02"]
[Round "5"]
[White "Tuvshintugs,B"]
[Black "Panchanathan,M"]
[Result "1/2-1/2"]
[WhiteElo "2229"]
[BlackElo "2482"]
[EventDate "2007.06.30"]

1. e4 e5 2. Nf3 Nc6 3. Bb5 a6 4. Ba4 Nf6 5. O-O Be7 6. Re1 b5 7. Bb3 d6 8.
c3 O-O 9. h3 Na5 10. Bc2 c5 11. d4 Qc7 12. Nbd2 cxd4 13. cxd4 Bb7 14. d5
Rac8 15. Bd3 Nd7 16. Nf1 f5 17. Bg5 Nf6 18. Bxf6 Bxf6 19. N1d2 f4 20. Qe2
Bd8 21. a3 Rf7 22. Qf1 Nc4 23. Nxc4 bxc4 24. Rec1 Qb6 25. Bxc4 Rfc7 26. b3
a5 27. a4 Qa7 28. Bb5 Rc2 29. Be2 Bb6 30. Rxc2 Rxc2 31. Ne1 Rc3 32. Nd3
Rxb3 33. Rb1 Rxb1 34. Qxb1 Ba6 35. Qc2 g6 36. Kf1 Bxd3 37. Bxd3 Bc5 38. Bb5
Kg7 39. Qe2 Bd4 40. Qc2 Bc5 41. Qe2 h5 42. Qc2 Kh6 43. Qe2 Qe7 44. Qf3 Bd4
45. g3 fxg3 46. fxg3 Kg7 47. Kg2 Qc7 48. h4 Qc2+ 49. Kh3 Qc1 50. Bd7 Qe3
1/2-1/2

[Event "35th World Open"]
[Site "King of Prussia USA"]
[Date "2007.06.02"]
[Round "5"]
[White "Mucerino,J"]
[Black "Yap,N"]
[Result "0-1"]
[WhiteElo "2077"]
[BlackElo "2298"]
[EventDate "2007.06.30"]

1. d4 Nf6 2. Nf3 g6 3. Bg5 Bg7 4. Nbd2 O-O 5. e4 d6 6. c3 Nbd7 7. Bc4 e5 8.
dxe5 dxe5 9. O-O c6 10. Re1 Qc7 11. Qc2 Nc5 12. Rad1 Ne6 13. Bh4 Nf4 14.
Kh1 b5 15. Bf1 a6 16. Ng1 c5 17. Ne2 Ne6 18. f3 c4 19. Bf2 Bb7 20. Be3 Nd7
21. Ng3 Ndc5 22. Nb1 h5 23. b4 cxb3 24. axb3 Rac8 25. Rd2 Qe7 26. Red1 Rc7
27. Kg1 h4 28. Nh1 Nf4 29. Nf2 Nce6 30. Bb6 Rfc8 31. Bxc7 Rxc7 32. Qb2 Bf8
33. Kh1 Ng5 34. Nd3 Nh5 35. Nb4 Qf6 36. Nd5 Bxd5 37. Rxd5 Bc5 38. Rxc5 Rxc5
0-1

[Event "35th World Open"]
[Site "King of Prussia USA"]
[Date "2007.06.03"]
[Round "6"]
[White "Fridman,D2"]
[Black "Stripunsky,A"]
[Result "0-1"]
[WhiteElo "2635"]
[BlackElo "2569"]
[EventDate "2007.06.30"]

1. d4 d5 2. Nf3 c6 3. c4 Nf6 4. Nc3 e6 5. Bg5 h6 6. Bh4 dxc4 7. e4 g5 8.
Bg3 b5 9. Be2 Bb7 10. h4 g4 11. Ne5 Nbd7 12. Bxg4 Rg8 13. Nxd7 Qxd7 14. Bf3
Bb4 15. O-O O-O-O 16. e5 Bxc3 17. bxc3 Nd5 18. Qd2 Ne7 19. Qxh6 c5 20. d5
Bxd5 21. Bxd5 Nxd5 22. Qc1 Qc6 23. Kh2 Rg7 24. Re1 Rdg8 25. Qc2 Kb7 26. a4
b4 27. Re4 b3 28. Qd2 Nxc3 29. Rxc4 Ne4 30. Qe3 Nxf2 31. Qxf2 Rxg3 32. Rg1
Rxg2+ 0-1

[Event "35th World Open"]
[Site "King of Prussia USA"]
[Date "2007.06.03"]
[Round "6"]
[White "Simutowe,A"]
[Black "Hansen,Lars"]
[Result "1/2-1/2"]
[WhiteElo "2419"]
[BlackElo "2251"]
[EventDate "2007.06.30"]

1. c4 e6 2. d4 d5 3. Nc3 Nf6 4. cxd5 exd5 5. Bg5 Be7 6. e3 c6 7. Qc2 Nbd7
8. Bd3 Nh5 9. Bxe7 Qxe7 10. Nge2 g6 11. h3 Nb6 12. O-O-O Ng7 13. g4 h5 14.
Nf4 g5 15. Nxh5 Nxh5 16. gxh5 Rxh5 17. Bf5 Be6 18. Bg4 Rh6 19. Rdg1 O-O-O
20. Bxe6+ fxe6 21. Rg3 Rf8 22. Rhg1 Rhf6 23. R1g2 Rf5 24. b3 Kb8 25. e4
dxe4 26. Nxe4 Rd5 27. Rxg5 Rfd8 28. Rg7 Qa3+ 29. Kb1 Rxd4 30. Rg8 Qa5 31.
f3 Nc8 32. Rxd8 Rxd8 33. Qc3 Qf5 34. Rg7 Nd6 35. Qf6 Qxf6 36. Nxf6 Kc8 37.
Re7 Nb5 38. Rxe6 Rd2 39. Re8+ Kc7 40. Re7+ Kb6 41. Ne4 1/2-1/2

[Event "35th World Open"]
[Site "King of Prussia USA"]
[Date "2007.06.03"]
[Round "6"]
[White "Hess,Ro"]
[Black "Mikhalevski,V"]
[Result "0-1"]
[WhiteElo "2412"]
[BlackElo "2590"]
[EventDate "2007.06.30"]

1. e4 e5 2. Nf3 Nc6 3. Bb5 Nf6 4. O-O Nxe4 5. d4 a6 6. Bxc6 dxc6 7. Qe2 Bf5
8. Nc3 Nxc3 9. Qxe5+ Be6 10. bxc3 Qd6 11. Qe2 O-O-O 12. Ng5 Bd5 13. c4 h6
14. Qg4+ Kb8 15. Bf4 Qg6 16. Qg3 Bd6 17. Bxd6 Rxd6 18. cxd5 hxg5 19. dxc6
Rxc6 20. c3 Re8 21. h3 Re2 22. Rab1 Qf5 23. Rb4 a5 24. Rb3 a4 25. Rb4 Rxa2
26. Rfb1 Rxc3 27. Rxb7+ Kc8 28. f3 Rcc2 29. Kh1 Kd7 30. Qe1 f6 31. Qb4 Qe6
32. Qb5+ Ke7 33. Rb8 Kf7 34. d5 Qe3 35. Qd7+ Kg6 36. Rg8 Rc1+ 0-1